000
00328nam a2200145Ia 4500
008
240624s9999 xx 000 0 und d
041
_a
eng
082
_a
650.01513 BRO
100
_a
BROOKS LLOYD D
245
_a
BUSINESS MATH
250
_a
(3rd ed.)
260
_c
2000
_a
Delhi
_b
A.I.T.B.S.
300
_a
vi, : 666
365
_c
RS
999
_c
1495
_d
1495